Т. 4; Собрание сочинений; Соло на ундервуде; Соло на IBM: записные книжки; Филиал (Записки ведущего); Уроки чтения; Мы начинали в эпоху застоя; Рыжий; Соглядатай; Н. Сагалаовский "Витязь в еврейской шкуре"; Верхом на улитке; Литература продолжается; Чернеет парус одинокий; Красные дьяволята; Достоевский против Кожевникова; В жанре детектива; Последний чудак; Против течения Леты; Умер Борис Шрагин; Трудное слово; Это неперводимое слово-"хамство"; Переводные картинки; Блеск и нищета русской литературы; Как издаваться на Западе?; Писатель в эмиграции; Дар органического беззлобия

Bibliographic Details
Parent link:Собрание сочинений: В 4-х т./ С. Д. Довлатов. Т. 4.— , 2000
Language:Russian
Published: 2000
TOC:Соло на ундервуде; Соло на IBM: записные книжки;
Филиал (Записки ведущего);
Уроки чтения; Мы начинали в эпоху застоя; Рыжий; Соглядатай; Н. Сагалаовский "Витязь в еврейской шкуре"; Верхом на улитке; Литература продолжается; Чернеет парус одинокий; Красные дьяволята; Достоевский против Кожевникова; В жанре детектива; Последний чудак; Против течения Леты; Умер Борис Шрагин; Трудное слово; Это неперводимое слово-"хамство"; Переводные картинки;
Блеск и нищета русской литературы; Как издаваться на Западе?; Писатель в эмиграции; Дар органического беззлобия;
Subjects:
Format: MixedMaterials Book
KOHA link:https://koha.lib.tpu.ru/cgi-bin/koha/opac-detail.pl?biblionumber=25574

MARC

LEADER 00000nam0a2200000 4500
001 25574
005 20231030201027.0
010 |a 5267000450 
035 |a (RuTPU)RU\TPU\book\25811 
035 |a BOOK00025886 
090 |a 25574 
100 |a 20011209d2000 m y0rusy50 ca 
101 0 |a rus 
102 |a RU 
105 |a y z 000ay 
200 0 |a Т. 4 
210 |d 2000 
215 |a 397 с. 
461 |t Собрание сочинений  |o В 4-х т.  |v Т. 4  |f С. Д. Довлатов  |d 2000 
464 |t Соло на ундервуде; Соло на IBM: записные книжки  |o новеллы 
464 |t Филиал (Записки ведущего)  |o повесть 
464 |t Уроки чтения; Мы начинали в эпоху застоя; Рыжий; Соглядатай; Н. Сагалаовский "Витязь в еврейской шкуре"; Верхом на улитке; Литература продолжается; Чернеет парус одинокий; Красные дьяволята; Достоевский против Кожевникова; В жанре детектива; Последний чудак; Против течения Леты; Умер Борис Шрагин; Трудное слово; Это неперводимое слово-"хамство"; Переводные картинки  |o статьи, рецензии 
464 |t Блеск и нищета русской литературы; Как издаваться на Западе?; Писатель в эмиграции; Дар органического беззлобия  |o выступления, интервью 
610 1 |a повести 
610 1 |a микроновеллы 
610 1 |a рецензии 
610 1 |a статьи 
610 1 |a лекции 
610 1 |a интервью 
675 |a Р1  |v 3 
801 0 |a RU  |b 63413507  |c 20011209  |g PSBO 
801 2 |a RU  |b 63413507  |c 20170310  |g PSBO 
942 |c BK